Arctic Bodies of Water Quiz Stats

 Plays Quiz not verified by Sporcle

Challenge
Share
Tweet
Score 0/19 Timer 06:00
0 Plays Today
% Correct
Arctic Ocean
93.8%
Greenland Sea
88.8%
Baffin Bay
86.3%
Barents Sea
85%
Kara Sea
83.8%
White Sea
83.8%
Norwegian Sea
81.3%
Laptev Sea
78.8%
East Siberian Sea
71.3%
Beaufort Sea
70%
% Correct
Chukchi Sea
66.3%
Denmark Strait
66.3%
Amundsen Gulf
53.8%
Lincoln Sea
53.8%
Queen Victoria Sea
53.8%
Prince Gustav Adolf Sea
46.3%
Pechora Sea
45%
Wandel Sea
45%
Nares Strait
43.8%

You're not logged in!

Compare scores with friends on all Sporcle quizzes.
OR
Log In

You Might Also Like...

Show Comments

Extras

Created Jul 8, 2017ReportNominate
Tags:Continent Quiz, arctic

Top Quizzes Today


Score Distribution

Your Account Isn't Verified!

In order to create a playlist on Sporcle, you need to verify the email address you used during registration. Go to your Sporcle Settings to finish the process.

Report this User

Report this user for behavior that violates our Community Guidelines.

Details: